The Future is tomorrow 17 prospective studies

Kaydedildi:
Detaylı Bibliyografya
Materyal Türü: Kitap
Dil:Undetermined
Baskı/Yayın Bilgisi: Hague Nijhoff 1972
Konular:
Etiketler: Etiketle
Etiket eklenmemiş, İlk siz ekleyin!
Thư viện lưu trữ: Trung tâm Học liệu Trường Đại học Cần Thơ
LEADER 00502nam a2200181Ia 4500
001 CTU_153833
008 210402s9999 xx 000 0 und d
082 |a 309.14055 
082 |b F993 
245 4 |a The Future is tomorrow 
245 0 |b 17 prospective studies 
260 |a Hague 
260 |b Nijhoff 
260 |c 1972 
650 |a Twenty-first century,Thế kỷ 21 
650 |x Forecasts,Dự báo 
904 |i Trọng Hiếu 
980 |a Trung tâm Học liệu Trường Đại học Cần Thơ